[Event "Sapporo Autumn Chess Tournament 2024"]
[Site "Sapporo Chess Club"]
[Date "2024.10.14"]
[Round "5.2"]
[White "Aoki, Yasuhiro"]
[Black "Furuse, Mizuki"]
[Result "1-0"]
[WhiteElo "1721"]
[BlackElo "1564"]
[Annotator "Fritz 11 SE (30s)"]
[PlyCount "119"]
[EventDate "2024.10.13"]
[EventRounds "5"]
[EventCountry "JPN"]

{[%mdl 8192] A26: English Opening vs King's Indian with ...Nc6 and d3} 1. c4
Nf6 2. Nf3 g6 3. g3 Bg7 4. Bg2 O-O 5. O-O d6 6. Nc3 e5 7. d3 Nc6 8. a3 a5 9.
Rb1 Re8 10. Bg5 Bd7 $146 (10... h6 11. Bxf6 Bxf6 (11... Qxf6 12. Nd5 Qd8 13. b4
axb4 14. axb4 Ne7 15. Nd2 c6 16. Nxe7+ Rxe7 17. b5 d5 18. Qb3 Be6 19. Rfc1 Kh7
20. Rc2 f5 21. bxc6 bxc6 22. Qb6 Qe8 23. cxd5 cxd5 24. Qc6 Qd8 25. Qb6 Qe8 26.
Qc6 {Varga,P (2402)-Kukula,P (2211) Katowice 2015 1-0 (74)}) 12. b4 (12. Nd2
Bg7 (12... Nd4 13. e3 Ne6 14. b4 axb4 15. axb4 Bg7 16. b5 e4 17. d4 f5 18. Qc2
c5 19. bxc6 bxc6 20. f3 exf3 21. Nxf3 Ra3 22. Qb2 Ra5 23. Rfe1 g5 24. Qd2 Ba6
25. d5 cxd5 26. cxd5 Nc5 27. Nd4 {Karpeshov,O (2200)-Petrushin,A (2415)
Volgodonsk 1983 1-0 (39)}) 13. e3 (13. b4 axb4 14. axb4 e4 15. b5 Ne7 16. Qc1
exd3 17. exd3 Nf5 18. Nf3 c5 19. Kh1 Nd4 20. Nxd4 Bxd4 21. Bd5 Kg7 22. Ne4 f5
23. Nd2 Ra2 24. Nb3 Bf6 25. Qd1 Qe7 26. Re1 Qxe1+ 27. Qxe1 Rxe1+ {Suba,M (2500)
-Sznapik,A (2440) Baile Herculane 1982 1-0 (39)}) 13... Ne7 14. b4 axb4 15.
axb4 e4 16. d4 f5 17. Qb3 Kh8 18. Ra1 Rb8 19. b5 Ng8 20. Nd5 Nf6 21. b6 c6 22.
Nxf6 Qxf6 23. Ra7 Be6 24. Qa4 Qd8 25. Qa5 Bg8 26. Rc1 Bh7 {Djuric,S (2515)
-Fedorowicz,J (2565) Novi Sad 1990 0-1 (50)}) 12... axb4 13. axb4 Be6 14. Nd2
Qd7 15. b5 Nd8 16. Qc2 c6 17. bxc6 bxc6 18. Rb6 Be7 19. Rfb1 d5 20. cxd5 cxd5 {
1/2-1/2 (20) Doda,Z (2405)-Bielczyk,J (2375) Poznan 1976}) (10... h6 11. Be3
$11) 11. Ne4 h6 (11... Ra7 $5 $11 {should not be overlooked}) 12. Nxf6+ $16
Bxf6 13. Bxh6 Qc8 14. Qd2 Bg4 15. Bg5 Bxg5 (15... Bg7 $5 $16) 16. Nxg5 (16.
Qxg5 $6 e4 17. dxe4 Rxe4 $14) 16... f6 17. Bd5+ Kg7 18. f3 Bh3 (18... Bf5 19.
Ne4 $16) 19. Nxh3 Qxh3 20. e3 Nd8 (20... Ne7 21. f4 (21. Bxb7 $143 Ra7 $15)
21... Nxd5 22. cxd5 $16) 21. f4 c6 22. Bg2 Qh6 (22... Qd7 23. d4 exd4 24. exd4
$16) 23. Qf2 (23. f5 gxf5 24. Rxf5 Ne6 $18) 23... Rh8 (23... exf4 24. exf4 Qh5
25. Rbe1 $18) 24. h3 (24. h4 Qh5 $18) 24... f5 (24... Qh5 25. d4 e4 26. Qc2 $16
) 25. e4 Rf8 26. fxe5 dxe5 27. Qc5 Qg5 28. Qxe5+ Kg8 (28... Qf6 29. Qxf6+ Rxf6
30. d4 $18) 29. Qf4 (29. exf5 $142 $5 {seems even better} Nf7 30. Qf4 Qxf4 31.
Rxf4 Ne5 $18) 29... Qxf4 30. Rxf4 Ne6 31. Rf2 Nc5 (31... Rad8 32. exf5 gxf5 33.
Rf3 $18) 32. Rd1 (32. exf5 Nxd3 33. Rd2 Ne5 34. fxg6 Nxc4 $18) 32... Rad8 (
32... fxe4 33. Bxe4 Nxe4 34. dxe4 Rfd8 $18) 33. d4 (33. exf5 $142 {White has a
promising position} gxf5 34. d4 $18) 33... Nxe4 $16 34. Bxe4 fxe4 35. Rxf8+ (
35. Kf1 $142 $16) 35... Kxf8 $2 (35... Rxf8 $142 $5 36. d5 cxd5 37. cxd5 e3 $16
) 36. Kf2 $18 Kg7 $2 (36... Ke7 37. Ke3 Rf8 38. Kxe4 Rf2 $18) 37. Ke3 Rh8 (
37... Kf7 38. d5 cxd5 39. cxd5 $18) 38. h4 Re8 (38... Kf7 {is no salvation} 39.
Rf1+ Kg7 40. Rf4 $18) 39. Rf1 (39. d5 {makes it even easier for White} Kf6 $18)
39... Re7 (39... Rd8 {doesn't change the outcome of the game} 40. Rf4 $18) 40.
Rf4 Kh6 (40... Rd7 {is not the saving move} 41. Rxe4 b6 42. Re6 $18) 41. Rxe4
Rf7 (41... Rd7 {doesn't do any good} 42. Re5 $18) 42. d5 Rd7 43. Rd4 Kg7 (43...
c5 {a fruitless try to alter the course of the game} 44. Rd3 $18) 44. dxc6 Re7+
45. Re4 Rxe4+ (45... Rc7 {a last effort to resist the inevitable} 46. cxb7 Rxb7
$18) 46. Kxe4 bxc6 47. Ke5 Kh6 48. g4 g5 49. h5 Kg7 (49... c5 {doesn't change
anything anymore} 50. Kf5 Kg7 51. Kxg5 Kf7 52. h6 Ke7 53. Kf5 Ke8 54. g5 Kd7
55. g6 Kc7 56. h7 Kd8 57. h8=Q+ Kc7 58. g7 Kd7 59. g8=Q Kc6 60. Qhg7 a4 61.
Qe6#) 50. Kf5 a4 (50... Kf7 {is not much help} 51. h6 Ke7 52. h7 c5 53. Kxg5
Ke6 54. h8=Q Ke7 55. Qc8 Kd6 56. Kf6 a4 57. Kf5 Ke7 58. Qc7+ Kf8 59. Kf6 Ke8
60. Qe7#) 51. Kxg5 c5 (51... Kf7 {does not solve anything} 52. Kf5 Ke7 53. h6
Kd6 54. g5 Kc5 55. g6 Kd4 56. h7 Kd3 57. h8=Q Kc2 58. Qc3+ Kb1 59. g7 c5 60.
g8=Q Ka2 61. Qc2 Ka1 62. b4 axb3 63. Qg1#) 52. Kf5 Kf7 (52... Kg8 {doesn't
change the outcome of the game} 53. g5 Kf7 54. h6 Kf8 55. g6 Ke7 56. h7 Kd6 57.
g7 Kc6 58. g8=Q Kb6 59. h8=Q Kc7 60. Qa8 Kb6 61. Qhd8#) 53. h6 Kg8 (53... Ke7 {
does not help much} 54. g5 Kf8 55. g6 Kg8 56. Ke5 Kf8 57. Kf6 Ke8 58. h7 Kd7
59. g7 Kd6 60. h8=Q Kd7 61. g8=Q Kc7 62. Qa8 Kb6 63. Qhd8#) 54. Kf6 Kh7 (54...
Kf8 {does not win a prize} 55. g5 Ke8 56. g6 Kd7 57. h7 Kc6 58. h8=Q Kb7 59. g7
Kc6 60. Qa8+ Kc7 61. g8=Q Kb6 62. Qgd8#) 55. g5 Kh8 (55... Kg8 {doesn't get
the bull off the ice} 56. g6 Kf8 57. h7 Ke8 58. g7 Kd7 59. g8=Q Kc7 60. h8=Q
Kb6 61. Qa8 Kc7 62. Qhd8#) 56. Kf7 (56. g6 Kg8 57. h7+ Kh8 58. b3 axb3 59. Kf7
b2 60. g7+ Kxh7 61. g8=Q+ Kh6 62. Qg6#) 56... Kh7 57. g6+ Kh8 (57... Kxh6 58.
g7 Kg5 59. g8=Q+ Kf4 60. Qg1 Kf3 61. Ke6 Ke2 62. Qc1 Kf2 63. Qd2+ Kg3 64. Qd6+
Kg4 65. Qd3 Kg5 66. Qg3+ Kh6 67. Kf6 Kh5 68. Qg5#) 58. g7+ Kh7 59. g8=Q+ Kxh6
60. Qg6# 1-0

[Event "Sapporo Autumn Chess Tournament 2024"]
[Site "Sapporo Chess Club"]
[Date "2024.10.14"]
[Round "5.3"]
[White "Sugimoto, Koichi"]
[Black "Nishimori, Toshiyuki"]
[Result "1-0"]
[WhiteElo "1872"]
[BlackElo "1746"]
[Annotator "Fritz 11 SE (30s)"]
[PlyCount "67"]
[EventDate "2024.10.13"]
[EventRounds "5"]
[EventCountry "JPN"]

{[%mdl 8192] D00: 1 d4 d5: Unusual lines} 1. d4 d5 2. Nc3 Nf6 3. Bf4 e6 4. e3
c5 5. dxc5 $146 (5. Nb5 Na6 6. c3 Be7 (6... Qb6 7. a4 Bd7 8. Nf3 c4 9. b3 Qa5
10. bxc4 Bxb5 11. axb5 Qxc3+ 12. Nd2 Nb4 13. Rc1 Nd3+ 14. Bxd3 Qxd3 15. Qe2
dxc4 16. Rxc4 Qxe2+ 17. Kxe2 Nd5 18. Bg3 f5 19. f3 f4 20. Bxf4 Nxf4+ 21. exf4 {
Iotov,V (2581)-Inkiov,V (2435) Sunny Beach 2014 1/2-1/2 (44)}) 7. Nf3 (7. a4
O-O 8. h3 Ne8 9. Nf3 Nac7 10. Nxc7 Nxc7 11. Bd3 Ne8 12. a5 Nf6 13. O-O Bd7 14.
Ne5 a6 15. Qb1 Bb5 16. dxc5 Bxc5 17. Bxb5 axb5 18. Bg5 Be7 19. Qd3 Rxa5 20.
Rxa5 Qxa5 21. b4 Qc7 {Jobava,B (2713)-Yudin,S (2546) Dubai 2014 1/2-1/2 (54)})
7... O-O 8. Be2 (8. Bd3 Bd7 9. a4 c4 10. Bc2 Bxb5 11. axb5 Nc7 12. b6 axb6 13.
Rxa8 Nxa8 14. Ne5 b5 15. O-O Nb6 16. Bg5 Nfd7 17. Bf4 f5 18. g4 Nxe5 19. Bxe5
Bd6 20. Kh1 Nc8 21. gxf5 exf5 22. Rg1 g6 {Meessen,R (2278)-Vocaturo,D (2585)
Bilbao 2014 0-1 (34)}) 8... Ne8 9. O-O Nac7 10. Nxc7 Nxc7 11. c4 cxd4 12. Qxd4
Bf6 13. Qd2 Bd7 14. Rac1 Bc6 15. Rfd1 Rc8 16. Ne5 Qe7 17. Qa5 Rfd8 18. Qxa7
Bxe5 19. Bxe5 dxc4 {Predke,A (2436)-Kovalev,V (2328) Batumi 2010 1/2-1/2 (78)})
(5. Nf3 Qa5 6. Bb5+ Bd7 7. Bxd7+ Nbxd7 8. O-O Be7 9. Ne5 Nxe5 10. Bxe5 O-O 11.
Bxf6 Bxf6 12. Ne2 b5 13. c3 b4 14. Qd2 Rab8 15. Rfc1 bxc3 16. Rxc3 c4 17. Qc2
Rb5 18. b3 Rfb8 19. Rc1 Be7 {Miroslaw,M (2283)-Bartel,M (2327) Jastrzebia Gora
2015 0-1 (64)}) (5. Nf3 c4 6. Be2 Qa5 $11) 5... Bxc5 6. Nf3 O-O 7. Bd3 Nc6 8.
O-O Re8 9. e4 d4 {Black threatens to win material: d4xc3} 10. Na4 b6 {Secures
c5} 11. Nxc5 bxc5 {White has the pair of bishops} 12. e5 {White threatens to
win material: e5xf6} Nd5 13. Bg3 Rb8 {Black threatens to win material: Rb8xb2}
14. Qc1 (14. c4 dxc3 15. bxc3 h6 $11) 14... a5 (14... Qb6 $5 $11) 15. Ng5 {
White threatens to win material: Ng5xh7} h6 {Black threatens to win material:
h6xg5} 16. Ne4 Ncb4 17. Bc4 Ba6 18. Bxa6 Nxa6 19. Nd6 {White threatens to win
material: Nd6xe8. Menacing} Rf8 20. Re1 Nab4 21. Re4 f5 22. exf6 Nxf6 23. Rxe6
Nbd5 (23... Nh5 24. Be5 Qd7 25. Rxh6 gxh6 26. Qxh6 $11) 24. Nf5 (24. Nc4 $142
$5 Qd7 25. Rxf6 Nxf6 26. Bxb8 Rxb8 27. Nxa5 $16) 24... Qd7 $14 {Black
threatens to win material: Qd7xe6} 25. Re5 (25. Bxb8 $2 {doesn't lead to the
expected results} Qxe6 26. Nxh6+ gxh6 $19) 25... Rb6 {White has a cramped
position} (25... Rbe8 26. Rxe8 Rxe8 27. Nd6 $11) 26. Nh4 (26. c4 dxc3 27. bxc3
Re6 $14) 26... Ng4 {Black threatens to win material: Ng4xe5} 27. Re4 h5 (27...
Ngf6 $142 $5 {is worthy of consideration} 28. Re5 Ng4 $14) 28. h3 $16 Ngf6 29.
Re5 Re8 30. Rg5 {White has a cramped position} (30. Rxe8+ $142 Qxe8 31. Qg5 $16
) 30... Rbe6 $4 {hands over the advantage to the opponent} (30... Ne4 31. Rxh5
Ne3 $17 (31... Nxg3 $143 32. fxg3 Ne3 33. b3 $14)) 31. Nf5 $18 Re1+ (31... R8e7
32. Qf1 Ne4 33. Nxe7+ Rxe7 34. Rxh5 $18) 32. Qxe1 Rxe1+ 33. Rxe1 Kf8 (33... Kh8
{desperation} 34. Nxg7 Nh7 $18) 34. Bd6+ (34. Bd6+ Kg8 35. Rxg7+ Qxg7 36. Nxg7
Kxg7 37. Bxc5 $18) 1-0

[Event "Sapporo Autumn Chess Tournament 2024"]
[Site "Sapporo Chess Club"]
[Date "2024.10.14"]
[Round "5.4"]
[White "Honda, Yoshiki"]
[Black "Nakamura, Mitsuru"]
[Result "1-0"]
[WhiteElo "1848"]
[BlackElo "1644"]
[Annotator "Fritz 11 SE (30s)"]
[PlyCount "77"]
[EventDate "2024.10.13"]
[EventRounds "5"]
[EventCountry "JPN"]

{[%mdl 8256] B23: Closed Sicilian: Lines without g3} 1. e4 c5 2. Nc3 d6 3. f4
Nc6 4. Nf3 Qc7 $146 (4... a6 5. Bc4 (5. a4 Nf6 (5... Bg4 6. Be2 g6 7. O-O Bg7
8. h3 Bd7 9. Bc4 e6 10. d3 Nge7 11. Qe1 Nd4 12. Nxd4 cxd4 13. Ne2 b5 14. axb5
axb5 15. Rxa8 Qxa8 16. Bb3 Nc6 17. f5 gxf5 18. exf5 Be5 19. fxe6 Bxe6 20. Bxe6
{Lalic,S (2345)-Hamid,R (2320) London 1989 1-0 (72)}) 6. g3 e6 7. Bg2 Be7 8.
O-O O-O 9. d3 Rb8 10. h3 b5 11. axb5 axb5 12. Kh2 b4 13. Ne2 d5 14. e5 Ne8 15.
d4 f6 16. Be3 fxe5 17. Nxe5 Nxe5 18. fxe5 Rxf1 19. Qxf1 c4 {Eid,F (2225)
-Hamdouchi,H (2555) Dubai 1995 1/2-1/2}) (5. g3 b5 6. Bg2 Bb7 7. O-O g6 8. d4
cxd4 9. Nxd4 Bg7 10. Be3 Na5 11. Rb1 Qc8 12. Nd5 Nc4 13. Bf2 e6 14. Ne3 Nxe3
15. Bxe3 Nf6 16. Qd3 O-O 17. h3 Rd8 18. Nb3 Qc7 19. Rbd1 Rac8 {Kuzev,J (2310)
-Chakov,P (2365) Bankia 1992 0-1 (51)}) 5... e6 6. d3 Nf6 7. Qe2 Be7 8. e5 dxe5
9. fxe5 Nd7 10. Bf4 Nd4 11. Nxd4 cxd4 12. Ne4 Nxe5 13. Bxe5 f6 14. Bg3 O-O 15.
O-O Kh8 16. Qh5 e5 17. Bf7 Bd7 18. Bg6 h6 19. Rf2 {Rumens,D (2310)-Damjanovic,
M (2430) Hastings 1976 1-0 (44)}) (4... e5 5. Bb5 exf4 6. d4 cxd4 7. Qxd4 Bd7
8. Bxc6 bxc6 9. Bxf4 Qb6 10. Qxb6 axb6 11. O-O-O Nf6 12. Bxd6 Bxd6 13. Rxd6 Ke7
14. Rhd1 Rhd8 15. a3 Be8 16. Rxd8 Rxd8 17. Rxd8 Kxd8 18. Kd2 Kc7 19. Ke3 {
Hiermann,D (2249)-Stadler,P (2178) Oberpullendorf 2002 1/2-1/2 (58)}) 5. Bc4 e6
{Consolidates d5} 6. d3 Nf6 7. O-O Be7 8. Qe1 e5 (8... O-O $5 $14 {is
interesting}) 9. fxe5 $16 dxe5 10. Nd5 Nxd5 $2 (10... Qd6 $142 $16) 11. exd5
$18 (11. Bxd5 $6 Be6 $16) 11... Nd4 12. Nxe5 f6 13. Nf7 $1 {Double attack: c7/
f7} Nxc2 $2 (13... Kxf7 14. d6+ {Passed pawn Double attack}) 14. d6 (14. Qd1 $5
{seems even better} Rf8 15. d6 Bxd6 16. Nxd6+ Qxd6 17. Qxc2 Rf7 $18) 14... Nxe1
15. Rxe1 (15. dxc7 $6 {is no comparison} Nc2 16. Nxh8 Nxa1 $16) 15... Qc6 (
15... Rf8 {otherwise it's curtains at once} 16. dxc7 Rxf7 $18) 16. Rxe7+ Kf8
17. Nxh8 (17. Bf4 b5 18. Nd8 Qd7 19. Ne6+ Kg8 20. Nxc5+ bxc4 21. Nxd7 Bxd7 22.
Rxd7 cxd3 $18) 17... Qxd6 (17... Bd7 {praying for a miracle} 18. a4 Re8 $18)
18. Rf7+ Ke8 19. Rxg7 (19. Be3 $142 {seems even better} Be6 20. Re1 Bxf7 21.
Bxc5+ Qe6 22. Bxe6 Bxe6 23. Rxe6+ Kd7 24. Rd6+ Ke7 25. Rb6+ Kd7 26. Rxb7+ Kc6
27. Rxa7 Rxh8 $18) 19... Qd4+ 20. Kh1 f5 (20... Qf2 {cannot undo what has
already been done} 21. Bh6 Rb8 22. d4 $18) 21. Bb5+ (21. Bh6 $142 {and White
has prevailed} Bd7 22. Nf7 $18) 21... Kf8 22. Bh6 (22. Rf7+ $142 {might be the
shorter path} Kg8 23. Bc4 $18) 22... Be6 (22... Qxg7 23. Bxg7+ Kxg7 $18) 23.
Rd7+ (23. Rg4+ $1 {keeps an even firmer grip} Ke7 24. Rxd4 cxd4 $18) 23... Kg8
24. Rxd4 cxd4 25. Bc4 (25. Re1 $142 $5 {makes it even easier for White} Bxa2
26. Re7 Kxh8 $18) 25... Bxc4 26. dxc4 Kxh8 27. Rd1 (27. Re1 {and White can
already relax} Rd8 28. Re7 d3 $18) 27... Rd8 (27... Re8 {doesn't change
anything anymore} 28. Kg1 Re4 29. Kf2 $18) 28. Be3 d3 29. g3 a6 30. Kg2 Kg7 31.
Kf3 Kf6 32. Bf4 Rd4 33. b3 b5 (33... h5 {does not win a prize} 34. Ke3 Re4+ 35.
Kxd3 $18) 34. cxb5 (34. c5 $142 $5 {and White can already relax} Ke7 35. c6 Kd8
$18) 34... axb5 35. Ke3 Rd8 36. Rxd3 Ra8 37. Rd2 Re8+ 38. Kd4 Rd8+ (38... Rc8
$18 {the last chance for counterplay}) 39. Kc5 (39. Kc5 Rc8+ 40. Kxb5 $18) 1-0

[Event "Sapporo Autumn Chess Tournament 2024"]
[Site "Sapporo Chess Club"]
[Date "2024.10.14"]
[Round "5.6"]
[White "Ono, Yukiko"]
[Black "kuramoto, koutarou"]
[Result "0-1"]
[WhiteElo "1000"]
[BlackElo "1622"]
[Annotator "Fritz 11 SE (30s)"]
[PlyCount "30"]
[EventDate "2024.10.13"]
[EventRounds "5"]
[EventCountry "JPN"]

{B23: Closed Sicilian: Lines without g3} 1. e4 c5 2. Nc3 d6 3. Bc4 Nf6 (3... e6
4. f4 a6 5. d3 Nf6 6. e5 dxe5 7. fxe5 Nfd7 8. Nf3 Nc6 9. Bf4 Be7 10. Qe2 g5 11.
Bg3 g4 12. Nd2 Nd4 13. Qd1 Bh4 14. Qxg4 Nxc2+ 15. Ke2 Bxg3 16. hxg3 Nxa1 17.
Qg7 Rf8 18. Nde4 {Nadj Hedjesi,B (2407)-Ilincic,Z (2447) Subotica 2010 0-1}) 4.
d3 g6 $146 (4... e6 5. Bg5 (5. f4 Be7 6. Nf3 a6 7. a4 Nc6 8. O-O O-O 9. Kh1 Nb4
10. Bb3 Qc7 11. Qe2 Bd7 12. Nd1 b5 13. axb5 axb5 14. Rxa8 Rxa8 15. c3 Nxd3 16.
Bd2 c4 17. Bc2 Bc6 18. e5 Ne4 19. Be3 Rd8 {Elfert,A (2369)-Somogyi,Z (2164)
Oberwart 2002 0-1 (57)}) 5... Be7 6. f4 (6. Nf3 Nc6 7. a3 a6 8. O-O h6 9. Bf4
g5 10. Bd2 b5 11. Ba2 Bb7 12. Ne2 d5 13. Ng3 dxe4 14. dxe4 g4 15. Ne1 h5 16.
Bc3 Qxd1 17. Rxd1 h4 18. Ne2 Rg8 19. Bxf6 Bxf6 20. c3 Ne5 {Nikolic,S (2405)
-Mariotti,S (2470) Rovigo 1976 0-1 (62)}) 6... O-O 7. Nf3 d5 8. Bb3 d4 9. Bxf6
Bxf6 10. Nb1 Nc6 11. Nbd2 a6 12. O-O b5 13. Kh1 Bb7 14. g4 Na5 15. Qe2 Rc8 16.
a4 Qc7 17. axb5 axb5 18. g5 Be7 19. Ne5 {Becker,T (2220)-Schwing,H (2240)
Merzig 1996 0-1 (44)}) (4... Nc6 5. Nge2 e6 6. a4 d5 7. exd5 exd5 8. Bb3 Be7 9.
O-O O-O 10. Bf4 Be6 11. Nb5 Rc8 12. c3 Qd7 13. Bc2 a6 14. Na3 Bg4 15. h3 Bh5
16. Qd2 Rfe8 17. Ng3 Bg6 18. Rfe1 Bd6 19. Bxd6 {Balazs,T (2240)-Sapi,L (2300)
Hungary 1993 1/2-1/2 (43)}) 5. Be3 Bg7 6. Nge2 O-O 7. O-O Ng4 8. Qd2 (8. Bg5
Nc6 $11) 8... Nxe3 9. Qxe3 {Black has the pair of bishops} (9. fxe3 Nc6 $11)
9... Nd7 (9... Nc6 10. Rab1 $15) 10. a4 {Black's piece can't move: c8} (10. f4
e6 $11) 10... Qb6 {Black threatens to win material: Qb6xb2} (10... Ne5 11. f4
Nxc4 12. dxc4 $11) 11. Rab1 Ne5 12. Rfd1 Nxc4 {Black forks: e3+b2} 13. dxc4 {
White has new doubled pawns: c2+c4} Be6 14. b3 {Covers c4} Rac8 15. Nd5 Qd8 0-1

[Event "Sapporo Autumn Chess Tournament 2024"]
[Site "Sapporo Chess Club"]
[Date "2024.10.14"]
[Round "5.7"]
[White "Okimura, Mikiko"]
[Black "Yajima, Machiko"]
[Result "0-1"]
[WhiteElo "1000"]
[BlackElo "1469"]
[Annotator "Fritz 11 SE (30s)"]
[PlyCount "48"]
[EventDate "2024.10.13"]
[EventRounds "5"]
[EventCountry "JPN"]

{[%mdl 8192] A40: Unusual replies to 1 d4} 1. d4 b6 2. Nf3 Bb7 3. c4 (3. g3
Bxf3 4. exf3 d5 5. f4 e6 6. Bg2 c6 7. O-O Bd6 8. f5 exf5 9. c4 dxc4 10. d5 Ne7
11. dxc6 Nbxc6 12. Qa4 Qc8 13. Bg5 f6 14. Be3 Rb8 15. Nc3 a6 16. Qxc4 Ne5 17.
Qb3 Qc4 {Kurajica,B (2590)-Maljutin,E (2480) Moscow 1992 1-0 (38)}) 3... g6 4.
g3 (4. Nc3 Nf6 5. Qc2 d5 6. cxd5 Nxd5 7. e4 Nxc3 8. bxc3 Bg7 9. Bg5 Nd7 10. Rd1
O-O 11. Bd3 c5 12. O-O h6 13. Bf4 cxd4 14. cxd4 e6 15. Qd2 g5 16. Bd6 Re8 17.
Qe3 Nf6 18. e5 Nh5 {Lerner,K (2521)-Gershkowich,D (2342) Herzliya 2008 1-0 (36)
}) 4... Bg7 5. Bg2 d6 $146 {Consolidates e5} (5... e6 6. O-O f5 7. Nc3 Nf6 8.
d5 exd5 9. cxd5 Na6 10. Be3 O-O 11. Rc1 Nc5 12. b4 Nce4 13. Bd4 Nxc3 14. Bxc3
Re8 15. Be5 c6 16. dxc6 dxc6 17. Qb3+ Nd5 18. Bxg7 Kxg7 19. Nd4 Qf6 20. Nxc6 {
Adrian,C (2310)-Wade,R (2200) Hampstead 1998 1-0 (51)}) 6. O-O Nh6 (6... Nf6 7.
Nc3 $14) 7. Bf4 (7. Nc3 O-O $16) 7... O-O $14 8. Nc3 a6 {Controls b5} (8... Nd7
9. Re1 $14) 9. a4 (9. e4 Nc6 $16) 9... e6 {Secures d5} (9... Nd7 10. Bh3 $14)
10. Re1 (10. Bg5 f6 11. Bc1 a5 $16) 10... Nf5 (10... Nc6 11. d5 exd5 12. cxd5
$14) 11. e4 {White threatens to win material: e4xf5} (11. d5 Bxc3 12. bxc3 e5
$14) 11... Ne7 (11... Nxd4 12. Nxd4 e5 13. Be3 exd4 14. Bxd4 $11) 12. e5 (12.
a5 $5 $16) 12... Nbc6 $14 13. Qd2 (13. Qe2 d5 $14) 13... Na5 $11 {Black
threatens to win material: Na5xc4} 14. Na2 (14. Qd3 $5 $11 {must be considered}
) 14... Nxc4 (14... Nb3 15. Qe2 Nxa1 16. Rxa1 $17) 15. Qc3 (15. Qe2 Na5 $15)
15... d5 (15... b5 $142 $5 $17) 16. Nb4 Na5 17. b3 {Consolidates c4} (17. Nd3
$5 $11) 17... Rc8 $17 {Black has a cramped position} 18. Nd3 c5 19. dxc5 bxc5 (
19... d4 $142 $5 20. Qb2 bxc5 $17) 20. Nxc5 Qb6 (20... d4 21. Nxb7 (21. Nxd4 $4
Bxg2 22. b4 Ba8 $19) 21... dxc3 22. Nxd8 Rfxd8 23. b4 $15) 21. Nd7 {White
threatens to win material: Nd7xb6. White forks: b6+f8} (21. b4 $142 $5 {
should be investigated more closely} Rc7 22. Rab1 $14) 21... Rxc3 $15 (21...
Nxb3 $2 {doesn't lead to anything significant} 22. Qxc8 (22. Nxb6 {is clearly
worse} Rxc3 23. Rab1 Nc6 $15) 22... Nxc8 23. Nxb6 Nxa1 24. Nd7 $18) 22. Nxb6
Nxb3 23. Nd7 $2 (23. Rab1 Nc6 24. Re3 Rxe3 25. Bxe3 Nba5 $15) 23... Rd8 {
Black threatens to win material: Rd8xd7} (23... Nxa1 $142 {and Black gets the
upper hand} 24. Nxf8 Nc2 $19 (24... Kxf8 $143 25. Rxa1 Rb3 26. Be3 $17)) 24.
Rab1 $4 {strolling merrily down the path to disaster} (24. Nf6+ $142 Bxf6 25.
exf6 $17) 24... Rxd7 $19 0-1